| 000 | 01232cam a2200409 a 4500 | ||
|---|---|---|---|
| 001 | 22575 | ||
| 003 | SK-KTurca | ||
| 005 | 20260401140331.0 | ||
| 008 | 160311s2015 xo j 000 f slo d | ||
| 015 | _aSNBA2015/10 | ||
| 020 | _a9788022018593 (viaz.) | ||
| 035 | _aa000554356 | ||
| 040 |
_aSVKBB _bslo _cUKB _dSNK _eAACR2 |
||
| 041 | 0 | _aslo | |
| 044 |
_axo _cSK |
||
| 072 | 7 |
_a821.162.4-3 _xSlovenská próza _2konspekt |
|
| 072 | 7 |
_a821-93 _xLiteratúra pre deti a mládež (beletria) _2konspekt |
|
| 080 |
_a821.162.4-31 _22004 |
||
| 080 |
_a821-93 _22004 |
||
| 080 |
_a(093.3) _22004 |
||
| 080 |
_a(0:82-31) _22004 |
||
| 100 | 1 |
_aŠulajová, Zuzka, _d1985- |
|
| 245 | 1 | 0 |
_aDžínsový denník _n5 _cZuzka Šulajová |
| 260 |
_aBratislava _bSlovenský spisovateľ _cc2015 |
||
| 300 | _a583, [1] s. | ||
| 530 | _aDostupný aj zvukový záznam | ||
| 653 | _a821.162.4-31 | ||
| 653 | _a821-93 | ||
| 653 | _a(093.3) | ||
| 653 | _a(0:82-31) | ||
| 655 | 7 |
_aslovenské romány _2UKBPH |
|
| 655 | 7 |
_apublikácie pre mládež _2UKBPH |
|
| 655 | 7 |
_afiktívne denníky _2UKBPH |
|
| 776 | 0 |
_tDžínsový denník 5 _i[zvukový záznam] |
|
| 942 |
_2ddc _cKLDE _n0 |
||
| 999 |
_c22575 _d22575 |
||